Statistics for Top 10 goalies (soccer)

Click here to take the quiz!

General Stats

  • This quiz has been taken 41 times
  • The average score is 4 of 10

Answer Stats

HintAnswer% Correct
3.Gianluigi Buffon
75%
1.Manuel Neuer
75%
2.Iker Casillas
67%
7.Thibaut Courtois
63%
10.Marc Andre ter Stegen
54%
4.Peter Cech
38%
5.Edwin Van der sar
29%
6.Peter Schmeichel
25%
8.Memoa Ochoa
13%
9.Allison Becker
8%

Score Distribution

Percentile by Number Answered

Percent of People with Each Score

Your Score History

You have not taken this quiz